00510nam a2200193 a 4500001001300000003000900013005001700022008004100039020000800080082001600088100002000104245004900124260004600173300000900219500003500228505001300263650002000276700002000296nice12345678IN_TiNIC20260116011637.0050524s1974 newa grp 000 0 urd  ac500a922.97bARS aArsh, Malsiyani aAbul Kalam Azadb Jadid Hindustan Ke Me`maar aNew DelhibPublication Division Goic1974 a177p aincludes index and biblioraphy2 aAppendix aAbul Kalam Azad1 aArsh, Malsiyani